Costa Rican Active Volcanoes - Estadísticas

Estadísticas generales
  • Esta prueba ha sido intentada 103 veces
  • La puntuación promedio es 3 de 5
Estadísticas de respuestas
Año del último período eruptivo Altura (m s.n.m.) Respuesta % Correcto
1968 1670 Arenal
84%
1956 2704 Poás
78%
1963 3432 Irazú
64%
2010 3340 Turrialba
60%
1998 1916 Rincón de la Vieja
34%
No se encontraron pruebas coincidentes
Distribución de puntuación
Porcentaje de gente con cada puntuación
Porcentaje por número respondido
Historial de tus puntuaciones
No has intentado esta prueba.